Antioxidants in Andrology

This book focuses on the use of various molecules with antioxidant properties in the treatment of major male genital tract disorders, especially male infertility, erectile dysfunction, and accessory gland infection. The coverage also includes discussion of pathophysiology, the molecular basis of mal...

Full description

Bibliographic Details
Corporate Author: SpringerLink (Online service)
Other Authors: Balercia, Giancarlo (Editor), Gandini, Loredana (Editor), Lenzi, Andrea (Editor), Lombardo, Francesco (Editor)
Format: Electronic eBook
Language:English
Published: Cham : Springer International Publishing : Imprint: Springer, 2017.
Series:Trends in Andrology and Sexual Medicine,
Subjects:
Online Access:Full Text via HEAL-Link
LEADER 03109nam a22004935i 4500
001 978-3-319-41749-3
003 DE-He213
005 20161129050402.0
007 cr nn 008mamaa
008 161129s2017 gw | s |||| 0|eng d
020 |a 9783319417493  |9 978-3-319-41749-3 
024 7 |a 10.1007/978-3-319-41749-3  |2 doi 
040 |d GrThAP 
050 4 |a RC875-RC899.5 
072 7 |a MJS  |2 bicssc 
072 7 |a MED088000  |2 bisacsh 
082 0 4 |a 616.65  |2 23 
245 1 0 |a Antioxidants in Andrology  |h [electronic resource] /  |c edited by Giancarlo Balercia, Loredana Gandini, Andrea Lenzi, Francesco Lombardo. 
264 1 |a Cham :  |b Springer International Publishing :  |b Imprint: Springer,  |c 2017. 
300 |a VII, 79 p. 7 illus. in color.  |b online resource. 
336 |a text  |b txt  |2 rdacontent 
337 |a computer  |b c  |2 rdamedia 
338 |a online resource  |b cr  |2 rdacarrier 
347 |a text file  |b PDF  |2 rda 
490 1 |a Trends in Andrology and Sexual Medicine,  |x 2367-0088 
505 0 |a Biochemistry of coenzyme Q10 -- Coenzyme Q10 in male infertility -- Carnitine in male infertility -- Free radicals in andrology -- Antioxidants in male sexual disorders -- Antioxidants in major accessory gland infections. 
520 |a This book focuses on the use of various molecules with antioxidant properties in the treatment of major male genital tract disorders, especially male infertility, erectile dysfunction, and accessory gland infection. The coverage also includes discussion of pathophysiology, the molecular basis of male infertility, and the rationale for use of antioxidants, with particular attention to coenzyme Q10 and carnitine. Oxidative stress occurs when the production of reactive oxygen species, including free radicals, exceeds the body’s natural antioxidant defences, leading to cellular damage. Oxidative stress is present in about half of all infertile men, and reactive oxygen species can produce infertility both by damaging the sperm membrane, with consequences for sperm motility, and by altering the sperm DNA. There is consequently a clear rationale for the use of antioxidant treatments within andrology, and various in vitro and in vivo studies have indicated that many antioxidants indeed have beneficial impacts. In providing a detailed and up-to-date overview of the subject, this book will be of interest to both practitioners and researchers in andrology, endocrinology, and urology. 
650 0 |a Medicine. 
650 0 |a Endocrinology. 
650 0 |a Andrology. 
650 1 4 |a Medicine & Public Health. 
650 2 4 |a Andrology. 
650 2 4 |a Endocrinology. 
700 1 |a Balercia, Giancarlo.  |e editor. 
700 1 |a Gandini, Loredana.  |e editor. 
700 1 |a Lenzi, Andrea.  |e editor. 
700 1 |a Lombardo, Francesco.  |e editor. 
710 2 |a SpringerLink (Online service) 
773 0 |t Springer eBooks 
776 0 8 |i Printed edition:  |z 9783319417479 
830 0 |a Trends in Andrology and Sexual Medicine,  |x 2367-0088 
856 4 0 |u http://dx.doi.org/10.1007/978-3-319-41749-3  |z Full Text via HEAL-Link 
912 |a ZDB-2-SME 
950 |a Medicine (Springer-11650)